000 00805nam a2200265Ia 4500
003 OSt
005 20220928123948.0
006 a|||||r|||| 00| 0
007 ta
008 220927b |||||||| |||| 00| 0 eng d
020 _cIndian Rupees 1199
024 _a141144
037 _bGift, 20/05/2019,
_cTextual
040 _aSDCL
_cSDCL
_beng
041 _2eng
_aeng
082 _aX:8D, Q3
100 _aBerman Karen
_9462688
245 0 _aFinancial intelligence
_b A manager's guide to knowing what the numbers really mean
260 _aBoston
_bHarvard Business Review Press
_c2013
300 _axv,284p.
_ccm.
650 _aGift
_9391569
700 _a Knight Joe
_9462689
942 _hX:8D, Q3
_cTEXL
_2CC
999 _c775651
_d775651